International sub-contracting : A tool of technology transfer

Gorde:
Xehetasun bibliografikoak
Erakunde egilea: Asian Productivity Organisation
Formatua: Liburua
Hizkuntza:Undetermined
Argitaratua: Tokyo Asian Productivity Organisation 1978
Gaiak:
Etiketak: Etiketa erantsi
Etiketarik gabe, Izan zaitez lehena erregistro honi etiketa jartzen!
Thư viện lưu trữ: Trung tâm Học liệu Trường Đại học Cần Thơ
LEADER 00582nam a2200205Ia 4500
001 CTU_86669
008 210402s9999 xx 000 0 und d
082 |a 338.6 
082 |b A832 
110 |a Asian Productivity Organisation 
245 0 |a International sub-contracting : 
245 2 |b A tool of technology transfer 
245 0 |c Asian Productivity Organisation 
260 |a Tokyo 
260 |b Asian Productivity Organisation 
260 |c 1978 
650 |a Subcontracting 
650 |x Asia 
904 |i Năm 
980 |a Trung tâm Học liệu Trường Đại học Cần Thơ